Statystyki dla Nazwy państw od tyłu! Część 2

Kliknij tutaj aby rozwiązać quiz!

Ogólne statystyki

  • Ten quiz został rozwiązany 88 razy
  • Średni wynik to 17 z 17

Statystyki odpowiedzi

Nazwa od tyłuNazwa od przodu% Poprawnych
nineBBenin
100%
aigewroNNorwegia
100%
elihCChile
99%
itiaHHaiti
99%
ainapzsiHHiszpania
99%
ajzelaMMalezja
99%
ailamoSSomalia
99%
aigleBBelgia
98%
ainotsEEstonia
98%
awtiLLitwa
98%
ywidelaMMalediwy
98%
aniarkUUkraina
98%
ewbabmiZZimbabwe
98%
aipoitEEtiopia
96%
anajuGGujana
96%
uassiB aeniwGGwinea Bissau
96%
ydnalklaFFalklandy
90%

Rozkład punktacji

Percentyl według liczby udzielonych odpowiedzi

Procent ludzi z każdym wynikiem

Twoja historia wyników

Nie rozwiązałeś tego quizu